| 000 | 00410nam a2200157 a 4500 | ||
|---|---|---|---|
| 001 | 81 | ||
| 003 | CDMR | ||
| 005 | 20130517120956.0 | ||
| 008 | 130130s1984||||||||||||||||||||||||||||d | ||
| 040 |
_aCDMR _bcat _cCDMR |
||
| 100 | 1 |
_aWatson, James _979 |
|
| 245 | 1 | 2 | _aA dictionary of communication and media studies |
| 260 |
_aLondon _c1984 _bEdward Arnold |
||
| 650 | 0 | 4 |
_93463 _aComunicació _xDiccionaris |
| 942 |
_cMON _2udc |
||
| 999 |
_c81 _d81 |
||